000 00786nam a2200193 i 4500
001 114941
003 ES-MaACL
005 20230906190305.0
007 t|
008 070213s1950 sp ||||1| spa d
100 1 _aWilligen, P. C. Van der.
_9116976
245 1 0 _aSoldadura eléctrica por arco, llamada de contacto y La influencia del hidrógeno en la porosidad y la fisuración en caliente de las soldaduras según el electrodo empleado /
_cpor P.C. Van der Willigen.
260 _aMadrid :
_bConsejo Superior de Investigaciones Científicas,
_c1950.
300 _a27 p. :
_bil. ;
_c30 cm.
490 1 _aInstituto de la Soldadura: Publicaciones ;
_v14
830 0 _aInstituto de la Soldadura: Publicaciones ;
_v14
_9185853
852 _aES-MaACL
_jC-56546
999 _c114941
_d114941